Mid-year review of the Indian Economy 2002-2003 (Record no. 10224)
[ view plain ]
| 000 -LEADER | |
|---|---|
| fixed length control field | 00350nam a2200121Ia 4500 |
| 020 ## - INTERNATIONAL STANDARD BOOK NUMBER | |
| ISBN | 8175411368 |
| 082 ## - DEWEY DECIMAL CLASSIFICATION NUMBER | |
| Classification number | 330.954 BER-M |
| 245 #0 - TITLE STATEMENT | |
| Title | Mid-year review of the Indian Economy 2002-2003 |
| 650 ## - SUBJECT ADDED ENTRY--TOPICAL TERM | |
| Topical Term | India - economic POLICY |
| Geographic subdivision | 2002-2003 |
| 650 ## - SUBJECT ADDED ENTRY--TOPICAL TERM | |
| Topical Term | Gross Domestic Product |
| Geographic subdivision | India |
| -- | 2002-2003 |
| 650 ## - SUBJECT ADDED ENTRY--TOPICAL TERM | |
| Topical Term | India - Economic aspects |
| 942 ## - ADDED ENTRY ELEMENTS (KOHA) | |
| Koha item type | Books |
| Source of classification or shelving scheme | Dewey Decimal Classification |
| Withdrawn status | Lost status | Damaged status | Not for loan | Collection code | Home library | Current library | Date acquired | Bill Date | Full call number | Accession Number | Price effective from | Koha item type |
|---|---|---|---|---|---|---|---|---|---|---|---|---|
| Docas Gratis Books | NASSDOC Library | NASSDOC Library | 05/09/2016 | 2005-03-16 | 330.954 BER-M | DG000525 | 18/04/2019 | Books |
